Defokado : (Record no. 293888)
[ view plain ]
| 000 -LEADER | |
|---|---|
| fixed length control field | 00761nam a2200229Ia 4500 |
| 008 - FIXED-LENGTH DATA ELEMENTS--GENERAL INFORMATION | |
| fixed length control field | 160517s9999 xx 000 0 und d |
| 050 ## - LIBRARY OF CONGRESS CALL NUMBER | |
| Classification number | PN 4758 |
| 050 ## - LIBRARY OF CONGRESS CALL NUMBER | |
| Item number | .Ar658 2016 |
| 100 ## - MAIN ENTRY--PERSONAL NAME | |
| Personal name | Arafiles, Jasher Job G. |
| 245 ## - TITLE STATEMENT | |
| Title | Defokado : |
| 245 ## - TITLE STATEMENT | |
| Remainder of title | the artists behind-the-scene process of a wedding video production from a wedding videographer's perspective / |
| 245 ## - TITLE STATEMENT | |
| Statement of responsibility, etc | Jasher J. G. Arafiles, Rienhold Paul C. de Guzman, Catrina Veronica T. Delos Reyes, James Adrian P. Ocampo. |
| 260 ## - PUBLICATION, DISTRIBUTION, ETC. (IMPRINT) | |
| Place of publication, distribution, etc | Las Piñas, Philippines : |
| 260 ## - PUBLICATION, DISTRIBUTION, ETC. (IMPRINT) | |
| Name of publisher, distributor, etc | SISC, |
| 260 ## - PUBLICATION, DISTRIBUTION, ETC. (IMPRINT) | |
| Date of publication, distribution, etc | 2016 |
| 300 ## - PHYSICAL DESCRIPTION | |
| Extent | 81 pages : |
| 300 ## - PHYSICAL DESCRIPTION | |
| Other physical details | illustrations ; |
| 300 ## - PHYSICAL DESCRIPTION | |
| Dimensions | 28 cm. |
| 500 ## - GENERAL NOTE | |
| General note | Includes bibliographical references and appendices. |
| 521 ## - TARGET AUDIENCE NOTE | |
| Target audience note | Media Arts |
| 942 ## - ADDED ENTRY ELEMENTS (KOHA) | |
| Koha item type | Theses |
| Withdrawn status | Lost status | Damaged status | Home library | Current library | Shelving location | Date acquired | Total Checkouts | Full call number | Barcode | Date last seen | Price effective from | Koha item type |
|---|---|---|---|---|---|---|---|---|---|---|---|---|
| College Library | College Library | 05/17/2016 | PN 4758 .Ar658 2016 | T0883 | 05/15/2018 | 05/17/2016 | Theses |